000 00433cam a2200169ua 4500
041 _aeng
_h
082 _a828.09
_bMUL/IN
100 _aMulgan, John .
245 _aIntroduction to English literature /
_cJohn mulgan.
_hTextual Documents
250 _a1 /
_b.
260 _aLondon :
_bOxford at the Clarendon Press ,
_c1964.
300 _a182 ; .
504 _a
700 1 _aDavin, D M .
942 _cBK
999 _c4704
_d4704